00642nam a2200217 i 4500001000300000003000400003005001700007008004100024040000800065080001500073080000900088100003700097245006600134250001200200260004700212300002100259650005700280650003400337655001700371700003600388bgBPK20210817142956.0 s1990 enk g f |000 0 eng d cBPK a811.111'36 a(07)1 aThomson, Audrey Jeand(1920- ). 10aA practical English grammar /cA. J. Thomson, A. V. Martinet. a4th ed. aOxford : bOxford University Press,c1990. a383 s. ;c21 cm. 4aEnglish languagexGrammarvProblems, exercises, etc. 4aJęzyk angielskixgramatyka. 4aPodręcznik1 aMartinet, Agnes V. d(1921- ).